Decision support systems: an organizational perspective
-д хадгалсан:
| Үндсэн зохиолчид: | , |
|---|---|
| Формат: | Ном |
| Хэл сонгох: | англи |
| Хэвлэсэн: |
Reading
Addison-Wesley
1978
|
| Нөхцлүүд: | |
| Шошгууд: |
Шошго нэмэх
Шошго байхгүй, Энэхүү баримтыг шошголох эхний хүн болох!
|
MARC
| LEADER | 00000nam a2200000 a 4500 | ||
|---|---|---|---|
| 001 | UCU9268 | ||
| 003 | CL-VaPUC | ||
| 008 | 960814e19780000US |||||||||||||||||eng|d | ||
| 082 | 0 | 4 | |a 658.403 |b KEE |2 21 |
| 100 | 0 | |a Keen, Peter G |e author |9 368365 | |
| 700 | 0 | |a Morton, Michael S |e author |9 368366 | |
| 245 | 1 | 0 | |a Decision support systems: an organizational perspective |
| 300 | |a 264 p | ||
| 942 | |c BK | ||
| 945 | |d 19960814 00:00:00 |a paguirre | ||
| 260 | |a Reading |b Addison-Wesley |c 1978 | ||
| 650 | 0 | |a Toma de decisiones |9 257530 | |
| 650 | 0 | |a Administración |9 259325 | |
| 650 | 0 | |a Análisis de la información |9 306986 | |
| 650 | 7 | |a PLANIFICACION |2 CL-VaPUC |9 260802 | |
| 583 | |a last modification |c 19960814 00:00:00 |k Rodrigo Vera | ||
| 999 | |c 251095 |d 251093 | ||
| 952 | |0 0 |1 0 |4 0 |6 658_403000000000000_KEE_1978 |7 0 |8 A |9 270030 |a BIBING |b BIBING |d 2019-11-19 |i 1724932 |o 658.403 KEE 1978 |p 1724932 |r 2025-01-20 |w 2019-11-19 |y BK |k EII | ||